000 00873nam a2200277 i 4500
003 DO-SdBNP
005 20240709105504.0
007 ta
008 240627b2023 dr ||||| |||| 00| f spa d
020 _a9789945648461
040 _aDO-SdBNP
_bspa
_cBNPHU
_erda
082 4 _aRD863.5
_bM516L
_222
100 1 _aMejía, Kenia,
_d1980-
_eautor
_985956
245 1 3 _aLa esposa /
_cKenia Mejía
264 1 _aSanto Domingo :
_bSantuario,
_c2023.
300 _a420 páginas ;
_c23 cm.
336 _2rdacontent
_atexto
_btxt
337 _2rdamedia
_asin mediación
_bn
338 _2rdacarrier
_avolumen
_bnc
500 _aIncluye datos biográficos de la autora en la solapa de la cubierta
590 _aInventariado, 2024/BT
650 4 _aNovela dominicana
_9223
650 4 _aLiteratura dominicana
910 _aBtavárez/Validado. Control de calidad MFF
942 _2ddc
_cLBS1
999 _c57047
_d57047